LEADER 01058nas a2200241 i 4500 001 000000135195 003 CaOOAMICUS 005 20050224000000.0 008 050224b2004 it uu u0 0ita r 013 $a108490 040 $aSeMil$bita 245 10$aCome un lungo balcone :$bValganna e Valmarchirolo /$ctesto e fotografie di Eugenio Manghi. 260 $aVarese :$bFORMAS,$c2004$e(Azzate (Va) :$fArti Grafiche Tibiletti,$g2004) 300 $a14 p. :$briccamente ill. ;$c30 cm. 500 $aTitolo e formulazione di responsabilità dalla copertina. 700 1 $aManghi, Eugenio.$0(OLS)http://semarc/name/55214 773 0 $tLombardia Nord-Ovest.$dVarese : [s.n.], [1958?]$w()3252 774 0 $t[vedi periodico].$w()260117 850 $aSeMil 852 $aSeMil$W1$xVenegono$y1$m199 5 48/A$j88879$B88879$CSeMilBibl$Z2$F93513 $85 961 $aOmaggio: Camera di Commercio 996 $6245$aCome un lungo balcone :$bValganna e Valmarchirolo$9(OLS)http://semarc/title/197772 996 $6260$aVarese :$bFORMAS$9(OLS)http://semarc/publisher/46878 LEADER 01553nam a2200229 i 4500 001 000000250444 003 CaOOAMICUS 005 20220128115325.0 008 160804s1651 it u000 u lat u 013 $a229349 026 $aist. tio- usij nequ (7) 1651 (R) 040 $aSeMil$bita 245 10$aTomus 2. 300 $a[12], 718, [26] p., [9] carte di tav., di cui 7 ripieg. :$bill., in gran parte calcogr. 500 $aSegn.: ?4 A-4X4 a-c4 (c4 bianca) 500 $aMarca editoriale: Marca composita con le insegne dei due tipografi: a destra una regina (Diversino), a sinistra una nave (Masotti) in una cornice vegetale; in basso iniz.BD e ZM (O1028) Sui front. 773 0 $aAringhi, Paolo <1600-1676>$tRoma subterranea nouissima in qua post Antonium Bosium antesignanum, Io. Seueranum ... et celebres alios scriptores antiqua christianorum et praecipue martyrum coemeteria, ... sex libris distincta illustrantur et quamplurimae res ecclesisticae iconibus graphice describuntur, ac multiplici tum sacra, tum profana eruditione declarantur. Opera et studio Pauli Aringhi ... cum duplici indice, capitum & rerum locupletissimo. Tomus primus [-secundus].$dRomae : expensis Blasij Diuersini, & Zanobij Masotti bibliopolarum. Typis Vitalis Mascardi, 1651 (Romae : Ex Typographia Vitalis Mascardi, 1651)$g2$w()33289 850 $aSeMil 852 $aSeMil$W1$xVenegono$y1$m3E VIII 6 FA$j200790$B200790$CSeMilBibl$Z2$F212520 $8I 961 $aRecupero: Mantegazza 996 $6245$aTomus 2$9(OLS)http://semarc/title/93022